000 00881nam a2200265Ia 4500
003 OSt
005 20220926020309.0
006 a|||||r|||| 00| 0
007 ta
008 220923b |||||||| |||| 00| 0 eng d
020 _a9780415717311
_c590.75
037 _b5117, 30/09/2013, RAJKIRAN BOOK AGENCY
_cGeneral Book
040 _aRTL
_cRTL
_beng
041 _2eng
_aeng
082 _aV2.N47, Q4
100 _aCHANDRA Sudhir
_914276
245 0 _aOppressive present
_b Literature and social consciousness in colonial India.
260 _aNew York
_bRoutledge
_c2014
300 _axxv,212p.
_ccm.
490 _aSage Studies on India's North East
500 _aBibliography: P 186-94. Glossary: P 184-85
650 _aSociology
942 _hV2.N47, Q4
_cGB
_2CC
999 _c633898
_d633898